000 00433nam a22001817a 4500
003 MPLRDC
005 20220104142824.0
008 210129b ||||| |||| 00| 0 eng d
020 _a962-950-134-1
082 _a857.7 XMY v.144
100 _a夙云著
245 _a狐狸新娘与黑道少主
_c
260 _a
_b星河出版社
_c1998
300 _b
490 _a寻梦园;144
650 _a
942 _cBK
_o857.7 XMY v.144
999 _c33999
_d33989